000 00811nam a2200277Ia 4500
003 OSt
005 20221006153050.0
006 a|||||r|||| 00| 0
007 ta
008 221006b |||||||| |||| 00| 0 kor d
020 _cW9,000
024 _a31,185
037 _bGift, Korea Foundation
_cTextual
040 _aEASL
_cEASL
_bkor
041 _2kor
_akor
082 _aT:6.495, P1
100 _aLEE Chang Soup etc. Ed.
_9662373
245 0 _aSahoesoung hamyangul wihan sinchehwaldong
260 _aDaejon
_bChhungnam University Publishing Department Korea
_c2001
300 _a262p.
_ccm.
490 _v KL
650 _a PHYSICAL EDUCATION
_9200257
650 _aKL
942 _hT:6.495, P1
_cTEXL
_2CC
999 _c1099271
_d1099271